[Event "BCF-chT 2223 (4NCL)"]
[Site "England"]
[Date "2023.02.12"]
[Round "6.6"]
[White "McDonald, Neil R"]
[Black "Robertson, J Stuart"]
[Result "1-0"]
[WhiteElo "2410"]
[BlackElo "2161"]
[PlyCount "61"]
[EventDate "2022.10.22"]
[EventType "team-swiss"]
[EventRounds "11"]
[EventCountry "ENG"]
[SourceTitle "CBM 213 Extra"]
[Source "ChessBase"]
[SourceDate "2023.05.31"]
[SourceVersion "1"]
[SourceVersionDate "2023.05.31"]
[SourceQuality "1"]
[WhiteTeam "Wood Green"]
[BlackTeam "Cambridge University"]
[WhiteTeamCountry "ENG"]
[BlackTeamCountry "ENG"]

1. e4 c5 2. Nf3 Nc6 3. d4 cxd4 4. Nxd4 Nf6 5. Nc3 e5 6. Ndb5 d6 7. Bg5 a6 8. Na3 b5 9. Nd5 Be7 10. Bxf6 Bxf6 11. c4 b4 12. Nc2 0-0 13. g3 Be6 14. Bg2 Bxd5 15. cxd5 Nd4 16. 0-0 Qd7 17. Nxd4 exd4 18. Rc1 Rfc8 19. Rc6 Rxc6 20. dxc6 Qe6 21. Qa4 a5 22. Qb5 d3 23. Rd1 Bxb2 24. Rxd3 g6 25. Qb7 Re8 26. e5 Bxe5 27. Bd5 Qe7 28. Rf3 Qxb7 29. cxb7 Kh8 30. Rxf7 Bd4 31. Rc7 1-0

[Event "BCF-chT 2122 (4NCL)"]
[Site "England"]
[Date "2022.05.01"]
[Round "9.28"]
[White "McDonald, Neil R"]
[Black "Robertson, J Stuart"]
[Result "1-0"]
[WhiteElo "2408"]
[BlackElo "2174"]
[PlyCount "79"]
[EventDate "2021.11.27"]
[EventType "team-swiss"]
[EventRounds "11"]
[EventCountry "ENG"]
[SourceTitle "EXT 2023"]
[Source "ChessBase"]
[SourceDate "2022.10.05"]
[SourceVersion "1"]
[SourceVersionDate "2022.10.05"]
[SourceQuality "1"]
[WhiteTeam "Wood Green"]
[BlackTeam "Cambridge University"]
[WhiteTeamCountry "ENG"]
[BlackTeamCountry "ENG"]

1. e4 c5 2. Nf3 Nc6 3. d4 cxd4 4. Nxd4 Nf6 5. Nc3 e5 6. Ndb5 d6 7. Bg5 a6 8. Na3 b5 9. Nd5 Be7 10. Bxf6 Bxf6 11. c4 b4 12. Nc2 0-0 13. g3 Be6 14. Bg2 Bxd5 15. cxd5 Nd4 16. Nxd4 exd4 17. 0-0 d3 18. Rb1 Qa5 19. Qb3 Rfc8 20. Rfc1 Rxc1+ 21. Rxc1 d2 22. Rd1 Rc8 23. Rxd2 Rc1+ 24. Bf1 Ra1 25. Kg2 Rxa2 26. f4 Ra1 27. e5 Bd8 28. e6 Qc7 29. Qe3 Qc1 30. exf7+ Kxf7 31. Bd3 Qe1 32. Be2 Kf8 33. Rc2 Qh1+ 34. Kh3 Qxd5 35. Rc8 Qf5+ 36. Bg4 Qf6 37. Qb6 Ke8 38. Qc6+ Kf7 39. Qd7+ Kg6 40. Qe8+ 1-0

[Event "BCF-chTa 1920 (4NCL)"]
[Site "Daventry"]
[Date "2020.01.11"]
[Round "3.15"]
[White "Edouard, Romain"]
[Black "Robertson, J Stuart"]
[Result "1-0"]
[WhiteElo "2640"]
[BlackElo "2157"]
[PlyCount "67"]
[EventDate "2019.11.09"]
[EventType "team-tourn"]
[EventRounds "11"]
[EventCountry "ENG"]
[SourceTitle "CBM 194 Extra"]
[Source "ChessBase"]
[SourceDate "2020.03.31"]
[SourceVersion "1"]
[SourceVersionDate "2020.03.31"]
[SourceQuality "1"]
[WhiteTeam "Guildford"]
[BlackTeam "Cambridge University"]
[WhiteTeamCountry "ENG"]
[BlackTeamCountry "ENG"]

1. e4 c5 2. Nc3 Nc6 3. Nf3 e5 4. Bc4 Be7 5. d3 Nf6 6. Ng5 0-0 7. f4 d5 8. exd5 Nd4 9. fxe5 Ng4 10. e6 Bxg5 11. Qxg4 Bxc1 12. Rxc1 fxe6 13. dxe6 Re8 14. 0-0 Bxe6 15. Bxe6+ Rxe6 16. Rf2 Rf6 17. Rcf1 Rxf2 18. Rxf2 Qe7 19. Ne4 Rd8 20. h4 Nc6 21. h5 Ne5 22. Qf5 h6 23. Ng3 c4 24. dxc4 Nxc4 25. Rf4 Ne3 26. Qb5 Rd1+ 27. Kh2 Qe6 28. Qb4 Qe5 29. Qf8+ Kh7 30. Re4 Rh1+ 31. Kxh1 Qxg3 32. Qf3 Qe1+ 33. Kh2 Nf1+ 34. Kh3 1-0

[Event "BCF-chT2b 1819 (4NCL)"]
[Site "England"]
[Date "2019.03.16"]
[Round "7.65"]
[White "Robertson, J Stuart"]
[Black "Menzies, Colin"]
[Result "1-0"]
[WhiteElo "2149"]
[BlackElo "2170"]
[PlyCount "83"]
[EventDate "2018.11.10"]
[EventType "team-tourn"]
[EventRounds "11"]
[EventCountry "ENG"]
[SourceTitle "EXT 2021"]
[Source "ChessBase"]
[SourceDate "2020.10.23"]
[SourceVersion "1"]
[SourceVersionDate "2020.10.23"]
[SourceQuality "1"]
[WhiteTeam "Cambridge University"]
[BlackTeam "Gonzaga"]
[WhiteTeamCountry "ENG"]
[BlackTeamCountry "ENG"]

1. d4 Nf6 2. c4 b6 3. f3 Nc6 4. Nc3 e5 5. d5 Na5 6. e3 c6 7. Bd3 Ba6 8. Qe2 Nb7 9. e4 Nc5 10. Bc2 cxd5 11. exd5 d6 12. Nh3 Be7 13. 0-0 0-0 14. b3 Ne8 15. f4 Bc8 16. fxe5 Bxh3 17. exd6 Bf6 18. Qh5 Bd4+ 19. Kh1 Bxg2+ 20. Kxg2 g6 21. Qh3 f5 22. Bh6 Rf7 23. Rad1 Bxc3 24. Qxc3 Nxd6 25. Bc1 Nce4 26. Qf3 Qf6 27. Rde1 Raf8 28. Bb1 g5 29. Re2 Qc3 30. Qh5 f4 31. Rxe4 f3+ 32. Kh1 Nxe4 33. Bxe4 Qd4 34. Qxg5+ Rg7 35. Qh4 Qa1 36. Bxf3 h6 37. Qxh6 Qd4 38. Qe6+ Kh8 39. Qh6+ Kg8 40. Qe6+ Kh8 41. Qe3 Qa1 42. Qe2 1-0

[Event "BCF-chT3S 1718 (4NCL) Promotion pool"]
[Site "England"]
[Date "2018.03.25"]
[Round "8.41"]
[White "Robertson, J Stuart"]
[Black "Thompson, Ian D"]
[Result "1/2-1/2"]
[WhiteElo "2130"]
[BlackElo "2173"]
[PlyCount "107"]
[EventDate "2017.11.11"]
[EventType "team-tourn"]
[EventRounds "11"]
[EventCountry "ENG"]
[SourceTitle "EXT 2020"]
[Source "ChessBase"]
[SourceDate "2019.10.17"]
[SourceVersion "1"]
[SourceVersionDate "2019.10.17"]
[SourceQuality "1"]
[WhiteTeam "Cambridge University II"]
[BlackTeam "CSC Dragons"]
[WhiteTeamCountry "ENG"]
[BlackTeamCountry "ENG"]

1. d4 d5 2. c4 c6 3. Nf3 Nf6 4. Nc3 e6 5. e3 Nbd7 6. Bd3 dxc4 7. Bxc4 b5 8. Bd3 Bd6 9. 0-0 0-0 10. b3 Bb7 11. Bb2 a6 12. a4 Re8 13. Ne4 Nxe4 14. Bxe4 f5 15. Bd3 Nf6 16. Nd2 Qc7 17. h3 Rad8 18. Rc1 Qb6 19. Qc2 Rc8 20. Qb1 c5 21. Qa1 Nh5 22. Be2 g6 23. axb5 axb5 24. Bxh5 gxh5 25. dxc5 Bxc5 26. Bh8 Rc7 27. Be5 Rd7 28. Nf3 Bf8 29. Rfd1 Bd5 30. Nd4 Qb7 31. Kh2 Bg7 32. Bxg7 Rxg7 33. f3 Qb8+ 34. Kh1 Qg3 35. Qb2 Qg5 36. Qf2 Qf6 37. Nxb5 Bxb3 38. Rd3 Bd5 39. Rdc3 h6 40. Nc7 Rd8 41. Nxd5 Rxd5 42. Qe2 Rgd7 43. Rc8+ Kh7 44. R8c7 Qe5 45. Rxd7+ Rxd7 46. e4 f4 47. Qc2 Ra7 48. Rb1 Ra1 49. Kh2 Rxb1 50. Qxb1 Kg8 51. Qb7 Kf8 52. Qc8+ Ke7 53. Qb7+ Kf8 54. Qc8+ 1/2-1/2

[Event "BCF-chT1b 1718 (4NCL)"]
[Site "England"]
[Date "2018.01.13"]
[Round "3.86"]
[White "Zeidler, Sven P"]
[Black "Robertson, J Stuart"]
[Result "1/2-1/2"]
[WhiteElo "2168"]
[BlackElo "2119"]
[PlyCount "66"]
[EventDate "2017.11.11"]
[EventType "team-swiss"]
[EventRounds "11"]
[EventCountry "ENG"]
[SourceTitle "EXT 2019"]
[Source "ChessBase"]
[SourceDate "2018.10.10"]
[SourceVersion "1"]
[SourceVersionDate "2018.10.10"]
[SourceQuality "1"]
[WhiteTeam "West is Best"]
[BlackTeam "Cambridge University"]
[WhiteTeamCountry "ENG"]
[BlackTeamCountry "ENG"]

1. e4 c5 2. Nc3 Nc6 3. f4 g6 4. Nf3 Bg7 5. Bb5 Nd4 6. 0-0 Nxb5 7. Nxb5 d5 8. e5 Nh6 9. d4 b6 10. dxc5 Ba6 11. Qe2 bxc5 12. Nc7+ Qxc7 13. Qxa6 e6 14. c4 0-0 15. cxd5 exd5 16. Be3 Qb6 17. Qa3 d4 18. Bf2 f6 19. Rac1 Rac8 20. b4 Qxb4 21. Qxb4 cxb4 22. Nxd4 fxe5 23. Ne6 Rfe8 24. Nxg7 Kxg7 25. fxe5 a5 26. Bh4 Rxc1 27. Bf6+ Kg8 28. Rxc1 Ng4 29. Rc7 Nxf6 30. exf6 Re6 31. Ra7 Rxf6 32. Rxa5 Rb6 33. Ra7 b3 1/2-1/2

[Event "BCF-chT1b 1718 (4NCL)"]
[Site "England"]
[Date "2017.11.12"]
[Round "2.86"]
[White "Robertson, J Stuart"]
[Black "Buckley, Graeme N"]
[Result "1-0"]
[WhiteElo "2119"]
[BlackElo "2343"]
[PlyCount "103"]
[EventDate "2017.11.11"]
[EventType "team-swiss"]
[EventRounds "11"]
[EventCountry "ENG"]
[SourceTitle "CBM 181 Extra"]
[Source "ChessBase"]
[SourceDate "2017.12.12"]
[SourceVersion "1"]
[SourceVersionDate "2017.12.12"]
[SourceQuality "1"]
[WhiteTeam "Cambridge University"]
[BlackTeam "Guildford II"]
[WhiteTeamCountry "ENG"]
[BlackTeamCountry "ENG"]

1. d4 Nf6 2. c4 e6 3. Nc3 Bb4 4. f3 d5 5. a3 Bxc3+ 6. bxc3 c5 7. cxd5 exd5 8. e3 Qc7 9. Ne2 Nc6 10. Ng3 h5 11. Bd3 h4 12. Ne2 Bd7 13. 0-0 0-0-0 14. e4 h3 15. g3 dxe4 16. fxe4 Bg4 17. Bf4 Qe7 18. Qc2 c4 19. Bxc4 Nxe4 20. Rae1 g5 21. Bc1 f5 22. Bd3 Rhe8 23. a4 Qd6 24. Bxg5 Bxe2 25. Bxe4 Rxe4 26. Rxe2 Rde8 27. Rxe4 fxe4 28. Qe2 Qd5 29. Qg4+ Kb8 30. Bf4+ Ka8 31. Qxh3 a6 32. Be3 Qc4 33. Qh5 Rd8 34. Qc5 Qxc5 35. dxc5 Rd3 36. Rf8+ Ka7 37. Bf4 b5 38. cxb6+ Kxb6 39. Re8 Rxc3 40. Rxe4 Kc5 41. h4 Kd5 42. Re8 Rc2 43. h5 Nd4 44. Re5+ Kc4 45. Kf1 Nf3 46. Re2 Rc3 47. h6 Kd5 48. Kg2 Nd4 49. Re5+ Kc4 50. h7 Rc2+ 51. Kh3 Nf3 52. Rh5 1-0

[Event "BCF-chT2 1617 (4NCL) Promotion pool"]
[Site "England"]
[Date "2017.03.05"]
[Round "8.28"]
[White "Robertson, J Stuart"]
[Black "Sutton, Daniel"]
[Result "1-0"]
[WhiteElo "2107"]
[BlackElo "1830"]
[PlyCount "115"]
[EventDate "2016.11.19"]
[EventType "team-tourn"]
[EventRounds "11"]
[EventCountry "ENG"]
[SourceTitle "EXT 2019"]
[Source "ChessBase"]
[SourceDate "2018.10.10"]
[SourceVersion "1"]
[SourceVersionDate "2018.10.10"]
[SourceQuality "1"]
[WhiteTeam "Cambridge University"]
[BlackTeam "Sussex Martlets"]
[WhiteTeamCountry "ENG"]
[BlackTeamCountry "ENG"]

1. d4 Nf6 2. c4 g6 3. Nc3 d5 4. cxd5 Nxd5 5. e4 Nxc3 6. bxc3 Bg7 7. Bc4 0-0 8. Ne2 c5 9. 0-0 Nc6 10. Be3 Bg4 11. f3 Na5 12. Bd3 cxd4 13. cxd4 Be6 14. d5 Bxa1 15. Qxa1 f6 16. Bh6 Re8 17. Kh1 Bd7 18. e5 Rc8 19. Ng3 Nc4 20. Bxc4 Rxc4 21. Ne4 Bf5 22. exf6 Qxd5 23. fxe7 Qd4 24. Nf6+ Kf7 25. Nxe8 Kxe8 26. Qxd4 Rxd4 27. Re1 Bd7 28. Bg5 b5 29. Kg1 Rc4 30. Re2 Bf5 31. g4 Bd7 32. Rd2 Rc5 33. Bf6 Rc6 34. g5 a6 35. Kf2 Rc4 36. Kg3 a5 37. h4 Rc1 38. h5 Rh1 39. hxg6 hxg6 40. Kf4 a4 41. a3 Rh3 42. Rd1 Rh2 43. Rd4 Rh1 44. Ke5 Re1+ 45. Kf4 Rh1 46. Kg3 Rh5 47. Kg2 Rh7 48. Re4 Bh3+ 49. Kg3 Bd7 50. Re1 Rh5 51. Kf4 Rh2 52. Bc3 Rh3 53. Bb4 Bc6 54. Re3 Bb7 55. Rd3 Kf7 56. Rd8 Rh4+ 57. Ke5 Rxb4 58. e8Q+ 1-0

[Event "BCF-chT2b 1516 (4NCL)"]
[Site "England"]
[Date "2016.01.23"]
[Round "3.254"]
[White "Swindells, Jonathan"]
[Black "Robertson, J Stuart"]
[Result "1/2-1/2"]
[WhiteElo "2260"]
[BlackElo "2105"]
[PlyCount "140"]
[EventDate "2015.11.14"]
[EventType "team-tourn"]
[EventRounds "7"]
[EventCountry "ENG"]
[SourceTitle "CBM 170 Extra"]
[Source "ChessBase"]
[SourceDate "2016.02.25"]
[SourceVersion "1"]
[SourceVersionDate "2016.02.25"]
[SourceQuality "1"]
[WhiteTeam "The ADS"]
[BlackTeam "Cambridge II"]
[WhiteTeamCountry "ENG"]
[BlackTeamCountry "ENG"]

1. e4 c5 2. Nc3 Nc6 3. Bb5 Nd4 4. Bc4 e6 5. Nge2 Nf6 6. e5 d5 7. Nxd4 cxd4 8. Bb5+ Bd7 9. exf6 dxc3 10. Bxd7+ Qxd7 11. Qf3 gxf6 12. dxc3 f5 13. Be3 Bg7 14. Qg3 Bf6 15. 0-0-0 Qa4 16. Kb1 Qg4 17. Qxg4 fxg4 18. h3 h5 19. hxg4 hxg4 20. Rxh8+ Bxh8 21. Rh1 Bf6 22. Rh6 Be5 23. Rh4 g3 24. f4 Bf6 25. Rh6 Bg7 26. Rh3 Kd7 27. Rxg3 Bf6 28. Kc1 e5 29. fxe5 Bxe5 30. Rf3 Ke6 31. g4 f6 32. g5 fxg5 33. Bxg5 a6 34. Be3 Bd6 35. Bd4 Rf8 36. Rxf8 Bxf8 37. Bb6 Kd7 38. a4 Kc6 39. a5 Bh6+ 40. Kd1 Kb5 41. b3 Bg5 42. Ke2 Bf6 43. Kd3 Be5 44. Bd8 Bg7 45. Bc7 Bf6 46. b4 Bg7 47. Bd8 Be5 48. Bb6 Bf6 49. Bd4 Bg5 50. Be5 Bh4 51. Kd4 Kc6 52. c4 Bf2+ 53. Kd3 Bg1 54. Bd4 Bh2 55. cxd5+ Kxd5 56. c4+ Kc6 57. Bc5 Bg3 58. Kc3 Bc7 59. Be3 Be5+ 60. Kb3 Bg3 61. Ka4 Be5 62. Bb6 Bb8 63. b5+ axb5+ 64. cxb5+ Kd5 65. Bd8 Bd6 66. Bh4 Bf4 67. Bf2 Bd2 68. Bb6 Bf4 69. Kb3 Bd2 70. Kc2 Bxa5 1/2-1/2

[Event "BCF-chT2a 1415 (4NCL)"]
[Site "England"]
[Date "2015.02.14"]
[Round "5.228"]
[White "Robertson, J Stuart"]
[Black "Maguire, Robert"]
[Result "1-0"]
[WhiteElo "2059"]
[BlackElo "1973"]
[PlyCount "49"]
[EventDate "2014.11.15"]
[EventType "team-tourn"]
[EventRounds "7"]
[EventCountry "ENG"]
[SourceTitle "EXT 2016"]
[Source "ChessBase"]
[SourceDate "2015.10.08"]
[SourceVersion "1"]
[SourceVersionDate "2015.10.08"]
[SourceQuality "1"]
[WhiteTeam "Cambridge II"]
[BlackTeam "KJCA Kings"]
[WhiteTeamCountry "ENG"]
[BlackTeamCountry "ENG"]

1. d4 Nf6 2. c4 g6 3. Nc3 Bg7 4. e4 d6 5. Be2 0-0 6. Bg5 c5 7. d5 h6 8. Bf4 Nh7 9. Qd2 g5 10. Be3 e5 11. h4 f5 12. exf5 Bxf5 13. hxg5 Nxg5 14. Nf3 Nf7 15. Nh4 Bh7 16. Bd3 Bxd3 17. Qxd3 Ng5 18. Ne4 Nxe4 19. Qxe4 Qf6 20. 0-0-0 Kf7 21. Nf5 Rh8 22. Rh3 Nd7 23. Rf3 Ke8 24. Nh4 Qd8 25. Qg6+ 1-0

[Event "BCF-chT2a 1415 (4NCL)"]
[Site "England"]
[Date "2015.01.10"]
[Round "3.247"]
[White "Robertson, J Stuart"]
[Black "Zhang, Anthony"]
[Result "0-1"]
[WhiteElo "2059"]
[BlackElo "2090"]
[PlyCount "124"]
[EventDate "2014.11.15"]
[EventType "team-tourn"]
[EventRounds "7"]
[EventCountry "ENG"]
[SourceTitle "EXT 2016"]
[Source "ChessBase"]
[SourceDate "2015.10.08"]
[SourceVersion "1"]
[SourceVersionDate "2015.10.08"]
[SourceQuality "1"]
[WhiteTeam "Cambridge II"]
[BlackTeam "Guildford III"]
[WhiteTeamCountry "ENG"]
[BlackTeamCountry "ENG"]

1. d4 d5 2. c4 c6 3. Nf3 Nf6 4. Nc3 dxc4 5. a4 Bf5 6. Nh4 Bg4 7. f3 Bh5 8. g4 Bg6 9. e4 e6 10. Ng2 Bb4 11. Bxc4 Qa5 12. Qb3 Nbd7 13. h4 h5 14. g5 Ng8 15. Nf4 Ne7 16. Nd3 Bxc3+ 17. Qxc3 Qxc3+ 18. bxc3 0-0 19. Ba3 Rfe8 20. Kf2 Nc8 21. Ne5 Nxe5 22. dxe5 Nb6 23. Bb3 Nd7 24. Bd6 f6 25. exf6 gxf6 26. gxf6 Nxf6 27. Rhg1 Kh7 28. Rg5 Rad8 29. Be5 Nd7 30. Bc7 Rc8 31. Rag1 Rxc7 32. Rxg6 Nf8 33. R6g5 Kh6 34. f4 Rf7 35. Bd1 Rxf4+ 36. Kg3 e5 37. Rxh5+ Kg7 38. Rxe5 Rxe5 39. Kxf4+ Kf6 40. Rg5 Ne6+ 41. Ke3 Nxg5 42. hxg5+ Rxg5 43. Kd4 Ke6 44. Bb3+ Kd6 45. Bf7 b6 46. Kc4 Rg4 47. Kd4 c5+ 48. Kd3 Ke5 49. Bd5 Rg1 50. Kc4 Rb1 51. Bc6 Kd6 52. Bd5 a6 53. Bf7 b5+ 54. axb5 axb5+ 55. Kd3 Ke5 56. Bg6 Rd1+ 57. Kc2 Rd6 58. Bf5 Kf4 59. Bh7 c4 60. Bf5 Ke3 61. Kb2 Kd2 62. Bc8 b4 0-1

[Event "BCF-chT3S 1213 (4NCL)"]
[Site "England"]
[Date "2013.01.12"]
[Round "3.67"]
[White "Robertson, J Stuart"]
[Black "Soon, Wai Cheong"]
[Result "1/2-1/2"]
[WhiteElo "2049"]
[BlackElo "2111"]
[PlyCount "64"]
[EventDate "2012.11.03"]
[EventType "team-swiss"]
[EventRounds "6"]
[EventCountry "ENG"]
[SourceTitle "EXT 2014"]
[Source "ChessBase"]
[SourceDate "2013.11.20"]
[SourceVersion "1"]
[SourceVersionDate "2013.11.20"]
[SourceQuality "1"]
[WhiteTeam "Cambridge II"]
[BlackTeam "Leeds University Old Boys"]
[WhiteTeamCountry "ENG"]
[BlackTeamCountry "ENG"]

1. d4 Nf6 2. c4 g6 3. Nc3 Bg7 4. e4 d6 5. Be2 0-0 6. Bg5 c6 7. Qd2 Qa5 8. h4 h5 9. f3 Re8 10. Nh3 Bxh3 11. Rxh3 Nbd7 12. g4 Rab8 13. gxh5 Nxh5 14. f4 e5 15. dxe5 Nc5 16. Bxh5 dxe5 17. f5 Nb3 18. axb3 Qxa1+ 19. Bd1 f6 20. Bh6 Rbd8 21. Qg2 Bxh6 22. Qxg6+ Bg7 23. Rg3 Re7 24. Qxf6 Rdd7 25. Qg5 Qxb2 26. f6 Rf7 27. Bh5 Rxf6 28. Qxf6 Qxc3+ 29. Rxc3 Bxf6 30. Rg3+ Kf8 31. Rf3 Ke7 32. Rh3 Rd8 1/2-1/2

[Event "BCF-chT3S 1213 (4NCL)"]
[Site "England"]
[Date "2012.11.03"]
[Round "1.57"]
[White "Valentine, Brian J"]
[Black "Robertson, J Stuart"]
[Result "0-1"]
[WhiteElo "1973"]
[BlackElo "2049"]
[PlyCount "70"]
[EventDate "2012.11.03"]
[EventType "team-swiss"]
[EventRounds "6"]
[EventCountry "ENG"]
[SourceTitle "EXT 2014"]
[Source "ChessBase"]
[SourceDate "2013.11.20"]
[SourceVersion "1"]
[SourceVersionDate "2013.11.20"]
[SourceQuality "1"]
[WhiteTeam "FCA Solutions II"]
[BlackTeam "Cambridge II"]
[WhiteTeamCountry "ENG"]
[BlackTeamCountry "ENG"]

1. e4 c5 2. Nf3 Nc6 3. Bb5 g6 4. 0-0 Bg7 5. Re1 e5 6. Bxc6 bxc6 7. d3 Ne7 8. Nbd2 0-0 9. Nc4 d6 10. c3 f5 11. Qb3 Kh8 12. Bg5 h6 13. Bxe7 Qxe7 14. Qa4 Bd7 15. Rad1 Be8 16. b4 d5 17. Ncd2 c4 18. exf5 cxd3 19. fxg6 e4 20. Qb3 Bxg6 21. Nd4 Qd6 22. Nf1 Be5 23. h3 Bh5 24. Rd2 Rf6 25. Qb2 Rg8 26. Ne3 Qd7 27. Kh1 Bxd4 28. cxd4 Bf3 29. Kh2 Bxg2 30. Nxg2 Rf3 31. Nf4 Qd6 32. Rg1 Qxf4+ 33. Rg3 Rfxg3 34. fxg3 Qxg3+ 35. Kh1 Qg1# 0-1